Szczegóły MARC21

Nowa encyklopedia powszechna PWN. T. 1- /

003 -Nazwa inst., której nr kontr. jest w polu 001 [,]
    • @
    • Nazwa instytucji, której n kontrolny jest w polu 001
    • NUKAT
005 -DATA I CZAS OSTATNIEJ MODYFIKACJI [,]
    • @
    • pole kontrolne
    • 20241231113026.0
020 -Międzynarod. znormalizowany nr książki - ISBN [ , ]
    • a
    • Numer ISBN
    • 830111097X Find
    • q
    • Dopowiedzenie
    • t. 1-6
040 -Instytucja sporządzająca opis [ , ]
    • a
    • Instytucja, która sporządziła opis (NP)
    • KR 119/MD
    • c
    • Instytucja, która sporządziła rekord (NP)
    • KR 119/MD
    • d
    • Instytucja, która zmodyfikowała rekord (P)
    • KR 119/ara
    • d
    • Instytucja, która zmodyfikowała rekord (P)
    • KR 119/SWs
    • d
    • Instytucja, która zmodyfikowała rekord (P)
    • WA 575/MR
    • d
    • Instytucja, która zmodyfikowała rekord (P)
    • KR 93/MSs
942 -Rodzaj dokumentu [ , ]
    • c
    • Rodzaj dokumentu
    • Książka
245 -Strefa tytułu i oznaczenia odpowiedzialności [0,0]
    • a
    • Tytuł
    • Nowa encyklopedia powszechna PWN. Find
    • n
    • Oznaczenie części (P)
    • T. 1- /
    • c
    • Pozostałe elementy strefy tytułu i oznaczenia odpowiedzialności (NP)
    • [redaktor prowadzący Dariusz Kalisiewicz].
260 -Strefa adresu wydawniczego [ , ]
    • a
    • Miejsce wydania (P)
    • Warszawa :
    • b
    • Nazwa wydawcy (P)
    • Wydawnictwo Naukowe PWN,
    • c
    • Data wydania (P)
    • 1995-.
300 -Strefa opisu fizycznego [ , ]
    • a
    • Określenie formy książki i/lub objętość (NP)
    • Wol. :
    • b
    • Oznaczenie ilustracji (NP)
    • il. ;
    • c
    • Format (NP)
    • 31 cm.
336 -Typ zawartości [ , ]
    • a
    • Termin opisujący typ zawartości
    • Tekst
    • b
    • Kod określający zawartość
    • txt
    • 2
    • Źródło (terminu i kodu)
    • rdacontent
337 -Typ mediów [ , ]
    • a
    • Tryb odtwarzania
    • Bez urządzenia pośredniczącego
    • b
    • Kod typu mediów
    • n
    • 2
    • Źródło (terminu i kodu)
    • rdamedia
338 -Typ/rodzaj nośnika [ , ]
    • a
    • Hasło opisujące typ nośnika
    • Wolumin
    • b
    • Kod typu nośnika
    • nc
    • 2
    • Źródło (terminu i kodu)
    • rdacarrier
500 -Uwaga ogólna [ , ]
    • a
    • Uwaga ogólna (NP)
    • T. 1, 2 - wyd. 1995; T. 3, 5 - wyd. 1996; T. 4, 6 - wyd. 1997.
655 -Hasło w funkcji tematu formalnego [ ,7]
    • a
    • Hasło
    • Encyklopedie i słowniki polskie
    • y
    • Określnik chronologiczny
    • 1990-.
    • 2
    • Źródło terminu
    • kaba
    • 9
    • KHW
    • 355385
700 -Hasło dodatkowe - nazwa osobowa [1, ]
    • a
    • Nazwa osobowa (NP)
    • Kalisiewicz, Dariusz. Find
    • e
    • Określenie rodzaju współpracy
    • Red.
    • 9
    • KHW
    • 433402
710 -Hasło dodatkowe - nazwa ciała zbiorowego [2, ]
    • a
    • Nazwa ciała zbiorowego lub nazwa geograficzna jako pierwszy element (NP)
    • Wydawnictwo Naukowe PWN.
    • 4
    • Kod relacji
    • pbl
    • 9
    • KHW
    • 52648
920 -ISBN [ , ]
    • a
    • ISBN
    • 83-01-11097-X Find
    • q
    • Dopowiedzenie
    • t. 1-6
Status udost. Numer tomu Numer inwentarzowy Lokalizacja Sygnatura Data inwentaryzacji
1T.5 P-SE.64774BE 2012-10-04
1T.1 A-CE.63329BE 1998-01-28
1T.2 D-HE.63538BE 1996-04-09
1T.3 I-ŁE.64082BE 1997-02-05
1T.4 M-PE.64143BE 1997-02-20
1T.6 S-ZE.65176BE 1997-02-05
1T.7 SuplementE.66985BE 1998-01-28
1T.7 SuplementZ.99499BGZ.874202002-10-29
1T.1 A-CZ.87420BGZ.874201998-01-28
1T.2 D-HZ.87715BGZ.874201996-02-13
1T.3 I-ŁZ.88804BGZ.874201998-01-28
1T.4 M-PZ.88763BGZ.874201998-01-28
1T.5 P-SZ.88764BGZ.874201997-01-21
1T.6 S-ZZ.90815BGZ.874201997-02-05
1T.1 A-CH.7059BNS 1998-05-13
1T.2 D-HH.7060BNS 1998-05-13
1T.3 I-ŁH.7061BNS 1998-05-13
1T.4 M-PH.7062BNS 1998-05-13
1T.5 P-SH.7063BNS 1998-05-13
1T.6 S-ZF.28291BNS 1998-08-17
1T.6 S-ZH.7064BNS 1998-05-13
1T.7 SuplementH.9001BNS 1998-01-28
1T.7 SuplementSA.11921BSASA.119212002-10-29
1T.2 D-HSA.6943BSASA.69431996-04-09
1T.3 I-ŁSA.7379BSASA.73791998-01-28
1T.4 M-PSA.7369BSASA.73691998-01-28
1T.5 P-SSA.7370BSASA.73701997-01-21
1T.6 S-ZSA.8542BSASA.85421998-05-13
1T.1 A-CSA.6757BSASA.67571998-01-28